| Tag |
First Indicator |
Second Indicator |
Subfields |
| LEADER |
00000cam a2200000 i 4500 |
| 001 |
in00000093746 |
| 005 |
20150927070216.0 |
| 008 |
770624r1965 paua 00000 eng d |
| 035 |
|
|
|a (OCoLC)03066108
|
| 035 |
|
|
|9 AAL5595AM
|
| 040 |
|
|
|a ZYU
|c ZYU
|d TXA
|d UtOrBLW
|
| 049 |
|
|
|a TXAM
|c [664936]
|
| 090 |
|
|
|a TS1541
|b .A45
|
| 110 |
2 |
|
|a American Society for Testing and Materials.
|
| 245 |
1 |
0 |
|a Selected ASTM standards for textile students.
|
| 264 |
|
1 |
|a Philadelphia,
|b [publisher not identified] ;
|c 1965.
|
| 300 |
|
|
|a 202 pages :
|b illustrations, tables ;
|c 23 cm.
|
| 336 |
|
|
|a text
|b txt
|2 rdacontent
|
| 337 |
|
|
|a unmediated
|b n
|2 rdamedia
|
| 338 |
|
|
|a volume
|b nc
|2 rdacarrier
|
| 500 |
|
|
|a "Authorized reprint from copyrighted ASTM publications."
|
| 650 |
|
0 |
|a Textile fibers
|x Standards.
|
| 650 |
|
0 |
|a Textile fibers
|x Testing.
|
| 999 |
|
|
|a MARS
|
| 999 |
f |
f |
|s 0785e27c-3bbb-375a-8f3a-f2a5e0d61662
|i c5a1126d-c79e-3e69-a6e5-2e7719bc9ec6
|t 0
|
| 952 |
f |
f |
|p ric
|a Texas A&M University
|b Rellis Campus
|c Joint Library Facility
|d Remote Storage
|t 0
|e TS1541 .A45
|h Library of Congress classification
|i unmediated -- volume
|m A14805652760
|
| 998 |
f |
f |
|a TS1541 .A45
|t 0
|l Remote Storage
|